000 00716nam a2200265Ia 4500
003 OSt
005 20221006142231.0
006 a|||||r|||| 00| 0
007 ta
008 221006b |||||||| |||| 00| 0 eng d
020 _cP1.75
024 _a5,751
037 _cTextual
040 _aEASL
_cEASL
_beng
041 _2eng
_aeng
082 _aV41.N67, K9
100 _aMEYER Charles Ed.
_9647230
245 0 _aSource materials in Chinese history
260 _aLondon
_bFrederick Warne
_c1969
300 _a190p.
_ccm.
490 _vV.1: China V.1
700 _a ALLEN Ian Ed.
_9647231
942 _hV41.N67, K9
_cTEXL
_2CC
999 _c1073837
_d1073837